Ḳomedyot / (Record no. 32863)

MARC details
000 -LEADER
fixed length control field 00737cam a22002411 4500
001 - CONTROL NUMBER
control field he 68000250
003 - CONTROL NUMBER IDENTIFIER
control field DLC
005 - DATE AND TIME OF LATEST TRANSACTION
control field 20260227111452.0
008 - FIXED-LENGTH DATA ELEMENTS--GENERAL INFORMATION
fixed length control field 840703s1967 is 000 0 heb
010 ## - LIBRARY OF CONGRESS CONTROL NUMBER
LC control number he 68000250
035 ## - SYSTEM CONTROL NUMBER
System control number (OCoLC)19167253
040 ## - CATALOGING SOURCE
Original cataloging agency DLC
Transcribing agency MH
Modifying agency DLC
042 ## - AUTHENTICATION CODE
Authentication code premarc
050 00 - LIBRARY OF CONGRESS CALL NUMBER
Classification number PQ1825.H4
Item number A388 1967
100 1# - MAIN ENTRY--PERSONAL NAME
Personal name Molière,
Dates associated with a name 1622-1673.
245 10 - TITLE STATEMENT
Title Ḳomedyot /
Statement of responsibility, etc. mi-Tsarfatit Natan Alterman.
260 ## - PUBLICATION, DISTRIBUTION, ETC.
Place of publication, distribution, etc. Tel Aviv :
Name of publisher, distributor, etc. ha-Ḳibuts ha-meʼuḥad,
Date of publication, distribution, etc. 727 [1967]
300 ## - PHYSICAL DESCRIPTION
Extent 3 v. :
Other physical details ill., facsim., ports ;
Dimensions 24 cm.
500 ## - GENERAL NOTE
General note Added t.p.: Comédies. Traduction de Nathan Alterman.
700 1# - ADDED ENTRY--PERSONAL NAME
Personal name Alterman, Nathan,
Dates associated with a name 1910-1970.
Relator term tr.
700 1# - ADDED ENTRY--PERSONAL NAME
Personal name Dorman, Menaḥem.
752 ## - ADDED ENTRY--HIERARCHICAL PLACE NAME
Country or larger entity Israel
City Tel Aviv

No items available.

Powered by Koha